000 00340nam a22001457a 4500
020 _a978-81-8266-628-3
082 _a158
_bKUM/M
100 _aSURESH KUMAR,P.N
245 _aKUTTIKALUDE MANASIKAPRASNANGAL
250 _aTHIRD
260 _aKERALA
_bMATHRUBHUMI
_c2016
300 _a103
650 _aGENERAL AWARENESS
_zKERALA
942 _cBK
999 _c6831
_d6831